[Event "8th Asrian Memorial 2015"]
[Site "Yerevan ARM"]
[Date "2015.06.19"]
[Round "4.13"]
[White "Babujian, Levon"]
[Black "Karatorossian, David"]
[Result "1-0"]
[WhiteTitle "GM"]
[BlackTitle "IM"]
[WhiteElo "2459"]
[BlackElo "2271"]
[WhiteFideId "13301993"]
[BlackFideId "13300482"]
[EventDate "2015.06.16"]

1. d4 Nf6 2. c4 g6 3. Nc3 Bg7 4. e4 d6 5. Nf3 O-O 6. h3 e5 7. d5 Nh5 8. g3 f5 9.
exf5 gxf5 10. Ng5 Nf6 11. g4 fxg4 12. hxg4 Bxg4 13. Qc2 Na6 14. Nxh7 Nb4 15. Qg6
Qd7 16. Nxf8 Rxf8 17. Bh6 Bf5 18. Qxg7+ Qxg7 19. Bxg7 Kxg7 20. Kd2 c6 21. Bh3
Bxh3 22. Rxh3 cxd5 23. a3 d4 24. axb4 dxc3+ 25. bxc3 Ne4+ 26. Ke3 1-0

[Event "8th Asrian Memorial 2015"]
[Site "Yerevan ARM"]
[Date "2015.06.19"]
[Round "4.15"]
[White "Petrosyan, Manuel"]
[Black "Gaboyan, Susanna"]
[Result "1-0"]
[WhiteTitle "IM"]
[WhiteElo "2449"]
[BlackElo "2153"]
[WhiteFideId "13300857"]
[BlackFideId "13303627"]
[EventDate "2015.06.16"]

1. d4 Nf6 2. c4 g6 3. Nc3 d5 4. cxd5 Nxd5 5. e4 Nxc3 6. bxc3 Bg7 7. Nf3 c5 8.
Rb1 O-O 9. Be2 cxd4 10. cxd4 Qa5+ 11. Bd2 Qxa2 12. O-O Nc6 13. d5 Ne5 14. Nxe5
Bxe5 15. Bb4 Bd6 16. Bc3 Qa3 17. Qd2 Qa4 18. Qe3 f6 19. f4 b6 20. Bb5 Qc2 21.
Rfc1 Bc5 22. Bd4 Bxd4 23. Qxd4 Qa2 24. Ra1 e5 25. Qc3 1-0

[Event "8th Asrian Memorial 2015"]
[Site "Yerevan ARM"]
[Date "2015.06.19"]
[Round "4.16"]
[White "Ilyashev, Yerzhan"]
[Black "Mikaelyan, Arman"]
[Result "0-1"]
[BlackTitle "IM"]
[WhiteElo "2128"]
[BlackElo "2437"]
[WhiteFideId "13706314"]
[BlackFideId "13304852"]
[EventDate "2015.06.16"]

1. d4 Nf6 2. c4 e6 3. Nf3 Bb4+ 4. Bd2 Qe7 5. a3 Bxd2+ 6. Qxd2 d6 7. e3 e5 8. Qc2
O-O 9. Be2 Bg4 10. dxe5 dxe5 11. Nc3 e4 12. Nd2 Bxe2 13. Nxe2 Nbd7 14. b4 c5 15.
Rb1 Rfe8 16. Ng3 h5 17. h3 Qe5 18. O-O b6 19. Qb2 Qg5 20. Qc2 Qg6 21. Rfd1 Rad8
22. Nb3 h4 23. Ne2 Qf5 24. Rd2 Ne5 25. bxc5 Rxd2 26. Qxd2 Nf3+ 27. gxf3 exf3 28.
Rb2 Qg5+ 29. Ng3 hxg3 30. fxg3 Qxg3+ 31. Kh1 Ne4 32. Qd7 Re6 0-1

[Event "8th Asrian Memorial 2015"]
[Site "Yerevan ARM"]
[Date "2015.06.19"]
[Round "4.17"]
[White "Nadanian, Ashot"]
[Black "Manukyan, Sargis A."]
[Result "1-0"]
[WhiteTitle "IM"]
[WhiteElo "2380"]
[BlackElo "2189"]
[WhiteFideId "13300393"]
[BlackFideId "13303970"]
[EventDate "2015.06.16"]

1. d4 d5 2. c4 e6 3. Nc3 Nf6 4. cxd5 exd5 5. Bg5 Be7 6. e3 O-O 7. Bd3 Nbd7 8.
Nge2 b6 9. O-O Bb7 10. Ng3 Ne4 11. Bxe4 dxe4 12. Bxe7 Qxe7 13. Qg4 g6 14. Ngxe4
f5 15. Qg5 Qg7 16. Ng3 c5 17. Nce2 Rae8 18. Rfd1 cxd4 19. exd4 Bd5 20. Nc3 Nf6
21. Re1 Ba8 22. Re5 Ng4 23. Rxe8 Rxe8 24. Rd1 Nf6 25. d5 b5 26. Qf4 a5 27. a3
Qe7 28. d6 Qb7 29. f3 b4 30. axb4 axb4 31. Qc4+ Kg7 32. Nb5 Qb6+ 33. Kf1 Bc6 34.
Nc7 Re5 35. Ne2 Bd7 36. Rd3 Ra5 37. Nd4 g5 38. Nce6+ Kh6 39. h4 gxh4 40. Qc1+ f4
41. Qxf4+ Kg6 42. Nf8+ Kg7 1-0

[Event "8th Asrian Memorial 2015"]
[Site "Yerevan ARM"]
[Date "2015.06.19"]
[Round "4.18"]
[White "Martirosyan, Haik M."]
[Black "Mamyrbay, Assad"]
[Result "1-0"]
[WhiteTitle "FM"]
[WhiteElo "2344"]
[BlackElo "2153"]
[WhiteFideId "13306553"]
[BlackFideId "13708880"]
[EventDate "2015.06.16"]

1. d4 Nf6 2. c4 g6 3. Nc3 d5 4. Nf3 Bg7 5. Bf4 Be6 6. Qb3 b6 7. Ng5 Bc8 8. cxd5
O-O 9. e4 c6 10. Bxb8 Rxb8 11. dxc6 Qxd4 12. Rd1 Qc5 13. Qb5 h6 14. Nf3 Ng4 15.
Rd2 Bxc3 16. bxc3 Qxc3 17. Bc4 Qa1+ 18. Rd1 Qc3+ 19. Ke2 a6 20. Qb3 Qf6 21. Bd5
b5 22. h3 Ne5 23. Qc3 Nxf3 24. Qxf6 Ng1+ 25. Rhxg1 exf6 26. Rd2 Rb6 27. Rc1 f5
28. e5 Re8 29. f4 Kf8 30. c7 Ke7 31. Bc6 Rf8 32. Ke3 a5 33. Kd4 b4 34. Kc5 Ra6
35. Bb5 Ra7 36. Kb6 Ra8 37. Rcd1 h5 38. Rd7+ Bxd7 39. Rxd7+ Ke8 40. Kb7 1-0

[Event "8th Asrian Memorial 2015"]
[Site "Yerevan ARM"]
[Date "2015.06.19"]
[Round "4.19"]
[White "Hambardzumian, Yuri"]
[Black "Permyakov, Evgeniy"]
[Result "1-0"]
[WhiteTitle "IM"]
[WhiteElo "2322"]
[BlackElo "2141"]
[WhiteFideId "13302795"]
[BlackFideId "34124923"]
[EventDate "2015.06.16"]

1. d4 Nf6 2. c4 c5 3. d5 e5 4. Nc3 d6 5. e4 Be7 6. Be2 Nbd7 7. Nf3 O-O 8. O-O
Ne8 9. a3 g6 10. Bh6 Ng7 11. Qd2 Nf6 12. Ne1 Ng4 13. Bxg4 Bxg4 14. Nd3 f5 15. f3
fxe4 16. fxg4 exd3 17. Rxf8+ Bxf8 18. Rf1 Be7 19. Ne4 Qc7 20. Qxd3 Rf8 21. Rxf8+
Bxf8 22. Nf6+ Kh8 23. Qh3 Qf7 24. g5 Nh5 25. Qc8 Nxf6 26. gxf6 Kg8 27. Qd8 g5
28. g4 1-0

[Event "8th Asrian Memorial 2015"]
[Site "Yerevan ARM"]
[Date "2015.06.19"]
[Round "4.20"]
[White "Matevosyan, Sedrak"]
[Black "Vuilleumier, Alexandre"]
[Result "0-1"]
[BlackTitle "IM"]
[WhiteElo "2174"]
[BlackElo "2354"]
[WhiteFideId "13302035"]
[BlackFideId "1305662"]
[EventDate "2015.06.16"]

1. c4 e5 2. Nc3 Bb4 3. Nd5 Be7 4. d4 d6 5. e4 Nf6 6. Nxe7 Qxe7 7. f3 Nc6 8. d5
Nd4 9. Be3 c5 10. dxc6 Nxc6 11. Ne2 O-O 12. Nc3 Be6 13. Be2 Nh5 14. Qd2 g6 15.
Rd1 Rfd8 16. O-O f6 17. Nd5 Qf7 18. b4 Ng7 19. b5 Bxd5 20. cxd5 Nb8 21. Rc1 Ne8
22. f4 Nd7 23. Bg4 Qe7 24. Be6+ Kh8 25. f5 g5 26. h4 gxh4 27. Qf2 Nc5 28. Qxh4
Nc7 29. Kh2 b6 30. Rf3 Nxb5 31. Rg3 Nd4 32. Bh6 Ndxe6 33. fxe6 Rg8 34. Rf3 Rg6
35. Rcf1 Rag8 36. Rxf6 Nxe4 37. Qxe4 Rxf6 38. Qh4 Rxe6 39. Bg5 Rxg5 0-1

[Event "8th Asrian Memorial 2015"]
[Site "Yerevan ARM"]
[Date "2015.06.19"]
[Round "4.24"]
[White "Manukyan, Artyom"]
[Black "Sargsyan, Shant"]
[Result "1/2-1/2"]
[BlackTitle "CM"]
[WhiteElo "2046"]
[BlackElo "2256"]
[WhiteFideId "13305786"]
[BlackFideId "13306766"]
[EventDate "2015.06.16"]

1. e4 c5 2. Nf3 Nc6 3. d4 cxd4 4. Nxd4 Qb6 5. Nb3 Nf6 6. Nc3 e6 7. Be3 Qc7 8. a3
a6 9. Be2 b5 10. O-O d6 11. f4 Bb7 12. Bf3 Be7 13. Qe1 O-O 14. Qg3 Nd7 15. Rad1
Rac8 16. Nd4 Kh8 17. Kh1 Na5 18. Nde2 Nc4 19. Bc1 Bf6 20. b3 Ncb6 21. Bb2 Nc5
22. Ba1 Rfe8 23. Qh3 Qe7 24. g4 Bxc3 25. Nxc3 e5 26. f5 Rcd8 27. Bg2 Nbd7 28.
Bb2 a5 29. b4 axb4 30. axb4 Na4 31. Nxa4 bxa4 32. c4 Nb6 33. Rc1 Nd7 34. Qc3 h6
35. Rfd1 Nf6 36. h3 Ba8 37. Ra1 Qc7 38. Rdc1 Bc6 39. b5 Bb7 40. Rxa4 Nd7 41. Ba3
Nc5 42. Bxc5 dxc5 43. f6 Re6 44. Rf1 Qd6 45. fxg7+ Kxg7 46. Ra2 Qd4 47. Qxd4
exd4 48. Ra7 Rd7 49. Kh2 Kf8 50. Re1 Re5 51. Kg3 Rde7 52. Kf4 f6 53. Bf3 Ke8 54.
Bg2 Kd8 55. Bf3 Kc7 56. Bg2 Kb6 57. Ra3 Re8 58. Bf3 R8e7 59. Re2 1/2-1/2

[Event "8th Asrian Memorial 2015"]
[Site "Yerevan ARM"]
[Date "2015.06.20"]
[Round "5.1"]
[White "Khismatullin, Denis"]
[Black "Pashikian, Arman"]
[Result "1-0"]
[WhiteTitle "GM"]
[BlackTitle "GM"]
[WhiteElo "2646"]
[BlackElo "2604"]
[WhiteFideId "4142578"]
[BlackFideId "13301578"]
[EventDate "2015.06.16"]

1. d4 Nf6 2. c4 e6 3. Nc3 Bb4 4. Nf3 d5 5. Qa4+ Nc6 6. Ne5 Bd7 7. Nxd7 Nxd7 8.
cxd5 Nb6 9. Qb5 Nxd5 10. Bd2 O-O 11. e3 a6 12. Qd3 Ba5 13. Rd1 Nce7 14. Be2 Nxc3
15. Bxc3 Bxc3+ 16. Qxc3 c6 17. O-O Qc7 18. Bf3 Rfd8 19. Rd3 Nd5 20. Qd2 Rd7 21.
g3 Rad8 22. Rd1 Nf6 23. Qc3 Qb6 24. Qc2 Qb5 25. Rc3 Nd5 26. Rc5 Qb6 27. a3 Qc7
28. b4 g6 29. Qb2 Rd6 30. Rdc1 Qe7 31. R1c2 Nb6 32. Ra5 Nd7 33. a4 Re8 34. b5
axb5 35. axb5 Qf6 36. Bxc6 bxc6 37. bxc6 Qf3 38. cxd7 Rxd7 39. Qb5 Rdd8 40. Qc6
Qd1+ 41. Kg2 Rb8 42. Ra7 Rf8 43. Rc1 Qd2 44. Rca1 h5 45. h3 Qd3 46. g4 e5 47.
dxe5 hxg4 48. hxg4 Rb4 49. R7a4 1-0

[Event "8th Asrian Memorial 2015"]
[Site "Yerevan ARM"]
[Date "2015.06.20"]
[Round "5.2"]
[White "Hovhannisyan, Robert"]
[Black "Ter-Sahakyan, Samvel"]
[Result "1-0"]
[WhiteTitle "GM"]
[BlackTitle "GM"]
[WhiteElo "2599"]
[BlackElo "2586"]
[WhiteFideId "13302507"]
[BlackFideId "13302531"]
[EventDate "2015.06.16"]

1. Nf3 d5 2. d4 Nf6 3. c4 c6 4. e3 a6 5. Nc3 Bf5 6. Be2 h6 7. Bd3 Bxd3 8. Qxd3
e6 9. O-O Nbd7 10. e4 dxe4 11. Nxe4 Be7 12. Bf4 O-O 13. Rad1 Nh5 14. Be3 Qc7 15.
Nc3 Rad8 16. Qe2 Rfe8 17. Rc1 Nf4 18. Bxf4 Qxf4 19. Qe3 Qf5 20. Rfd1 Nf6 21. Qe5
Qg6 22. Qc7 Rd7 23. Qb6 Qf5 24. Ne5 Bd8 25. Qb3 Rde7 26. Qc2 Qxc2 27. Rxc2 Bc7
28. Nd3 Rd8 29. Nc5 Bb6 30. b4 Ne8 31. Nb3 Ba7 32. Ne4 Nd6 33. Nxd6 Rxd6 34. Kf1
Kf8 35. Ke2 Ke8 36. a4 Kd8 37. Nc5 Kc8 38. Rcd2 Rd8 39. a5 Bb8 40. h4 h5 41. g3
Bd6 42. Rd3 Ree8 43. R1d2 Bf8 44. Kd1 g6 45. Kc2 Bg7 46. Rd1 Rd6 47. Ne4 Rd7 48.
Ng5 Ree7 49. Nf3 e5 50. dxe5 Rxd3 51. Rxd3 Bxe5 52. Ng5 f6 53. Nf3 Bc7 54. Nd4
Re1 55. c5 Re4 56. Rd1 Be5 57. Ne6 Bc7 58. Nxc7 Kxc7 59. Kc3 Re2 60. Rd2 Rxd2
61. Kxd2 Kd7 62. Ke3 Ke6 63. Kf4 Kd5 64. f3 Kc4 65. g4 Kxb4 66. g5 fxg5+ 67.
Kxg5 Kxa5 68. Kxg6 Kb5 69. f4 a5 70. f5 a4 71. f6 a3 72. f7 a2 73. f8=Q a1=Q 74.
Kxh5 Qe5+ 75. Kg4 Qe4+ 76. Qf4 Qg6+ 77. Qg5 Qe4+ 78. Kg3 Qd3+ 79. Kf4 Qd4+ 80.
Kf5 Qd5+ 81. Kf6 Qd4+ 82. Ke6 Qe4+ 83. Kd6 Qd3+ 84. Kc7 Qh7+ 85. Kd8 Qh8+ 86.
Kd7 Qh7+ 87. Qe7 Qf5+ 88. Kc7 Ka6 89. Kb8 Qf4+ 90. Ka8 Ka5 91. Kxb7 Qf3 92. Qc7+
Kb5 93. Qb6+ Kc4 94. Qxc6 Qf7+ 95. Kb6 Qe7 96. Qb5+ Kd4 97. c6 1-0

[Event "8th Asrian Memorial 2015"]
[Site "Yerevan ARM"]
[Date "2015.06.20"]
[Round "5.3"]
[White "Areshchenko, Alexander"]
[Black "Efimenko, Zahar"]
[Result "1/2-1/2"]
[WhiteTitle "GM"]
[BlackTitle "GM"]
[WhiteElo "2656"]
[BlackElo "2647"]
[WhiteFideId "14109530"]
[BlackFideId "14107201"]
[EventDate "2015.06.16"]

1. e4 e5 2. Nf3 Nc6 3. Bb5 a6 4. Ba4 Nf6 5. O-O Be7 6. d3 b5 7. Bb3 d6 8. a4 Bd7
9. c3 O-O 10. Bc2 Re8 11. Re1 Rb8 12. Nbd2 h6 13. h3 Bf8 14. Nf1 b4 15. Ng3 bxc3
16. bxc3 d5 17. exd5 1/2-1/2

[Event "8th Asrian Memorial 2015"]
[Site "Yerevan ARM"]
[Date "2015.06.20"]
[Round "5.5"]
[White "Petrosyan, Manuel"]
[Black "Oleksiyenko, Mykhaylo"]
[Result "0-1"]
[WhiteTitle "IM"]
[BlackTitle "GM"]
[WhiteElo "2449"]
[BlackElo "2629"]
[WhiteFideId "13300857"]
[BlackFideId "4152417"]
[EventDate "2015.06.16"]

1. d4 Nf6 2. c4 e6 3. Nf3 d5 4. Nc3 Bb4 5. Qa4+ Nc6 6. Ne5 Bd7 7. Nxc6 Bxc3+ 8.
bxc3 Bxc6 9. Qc2 dxc4 10. f3 e5 11. dxe5 Nd7 12. Ba3 Nxe5 13. Rd1 Qg5 14. Rd4
Qe3 15. Qd2 Qxd2+ 16. Kxd2 b6 17. e4 Bb5 18. Rd5 Rd8 19. Ke3 Rxd5 20. exd5 Kd7
21. f4 Ng4+ 22. Kf3 Nf6 23. g3 Nxd5 24. Bh3+ Kc6 25. Kf2 Kb7 26. Bg2 Bc6 27.
Bxd5 Bxd5 28. Rd1 Be6 29. Bc1 h5 30. h4 c5 31. Re1 Rd8 32. f5 Bxf5 33. Re7+ Rd7
34. Rxd7+ Bxd7 35. Bf4 Kc6 36. Ke3 b5 37. Kd2 b4 38. Kc2 a5 39. Kb2 a4 40. a3 b3 0-1

[Event "8th Asrian Memorial 2015"]
[Site "Yerevan ARM"]
[Date "2015.06.20"]
[Round "5.6"]
[White "Krasenkow, Michal"]
[Black "Hayrapetyan, Hovik"]
[Result "1-0"]
[WhiteTitle "GM"]
[BlackTitle "GM"]
[WhiteElo "2604"]
[BlackElo "2436"]
[WhiteFideId "1113100"]
[BlackFideId "13302639"]
[EventDate "2015.06.16"]

1. Nf3 Nf6 2. c4 c5 3. Nc3 e6 4. g3 b6 5. e4 Bb7 6. d3 d6 7. Bg2 Be7 8. O-O O-O
9. b3 Nc6 10. d4 cxd4 11. Nxd4 Nxd4 12. Qxd4 a6 13. Bb2 Rb8 14. a4 Qc7 15. Rac1
Rfd8 16. h3 Bf8 17. g4 Nd7 18. Qe3 Nc5 19. Ne2 e5 20. f4 exf4 21. Rxf4 Rd7 22.
Ng3 Ne6 23. Rf5 d5 24. cxd5 Bc5 25. Rxc5 Qxc5 26. Qxc5 Nxc5 27. Nh5 f6 28. g5
Kf7 29. Nf4 Re8 30. e5 1-0

[Event "8th Asrian Memorial 2015"]
[Site "Yerevan ARM"]
[Date "2015.06.20"]
[Round "5.7"]
[White "Grigoryan, Karen H."]
[Black "Nadanian, Ashot"]
[Result "1-0"]
[WhiteTitle "GM"]
[BlackTitle "IM"]
[WhiteElo "2590"]
[BlackElo "2380"]
[WhiteFideId "13301004"]
[BlackFideId "13300393"]
[EventDate "2015.06.16"]

1. e4 e6 2. d4 d5 3. Nc3 dxe4 4. Nxe4 Bd7 5. Nf3 Bc6 6. Bd3 Nd7 7. O-O Ngf6 8.
Ng3 Be7 9. Qe2 Bxf3 10. Qxf3 c6 11. b3 Qa5 12. a3 Qd5 13. Qe3 Ng4 14. Qf4 h5 15.
c4 Qd6 16. Qxd6 Bxd6 17. c5 Bc7 18. h3 Ngf6 19. b4 O-O-O 20. Bb2 h4 21. Ne2 Nd5
22. Rab1 Nb8 23. Bc1 Rd7 24. a4 g6 25. b5 Ba5 26. Rb3 Rh5 27. Be4 a6 28. Bf3 Rh7
29. Bg5 axb5 30. axb5 cxb5 31. Rxb5 Bd8 32. Be3 g5 33. Ra1 Rg7 34. Ra8 Bc7 35.
Rb3 f5 36. Nc3 g4 37. hxg4 fxg4 38. Be4 Rgf7 39. Bxd5 Rxd5 40. Nxd5 exd5 41. Bg5
h3 42. gxh3 gxh3 43. f4 Rg7 44. Kh1 h2 45. Rb2 Rf7 46. Kxh2 Bxf4+ 47. Bxf4 Rxf4
48. Rg2 Rh4+ 49. Kg1 Kc7 50. Rg7+ Nd7 51. Re8 Re4 52. Rxe4 dxe4 53. Kf2 1-0

[Event "8th Asrian Memorial 2015"]
[Site "Yerevan ARM"]
[Date "2015.06.20"]
[Round "5.8"]
[White "Zhigalko, Andrey"]
[Black "Petrosyan, Tigran S."]
[Result "0-1"]
[WhiteTitle "GM"]
[BlackTitle "IM"]
[WhiteElo "2586"]
[BlackElo "2423"]
[WhiteFideId "13502247"]
[BlackFideId "13303678"]
[EventDate "2015.06.16"]

1. e4 e5 2. Nf3 Nc6 3. Bb5 a6 4. Ba4 Nf6 5. O-O Be7 6. Re1 b5 7. Bb3 O-O 8. c3
d5 9. exd5 Nxd5 10. Nxe5 Nxe5 11. Rxe5 c6 12. d4 Bd6 13. Re1 Qh4 14. g3 Qh3 15.
Re4 g5 16. Qf1 Qh5 17. Bd1 Qh6 18. Nd2 f5 19. Re1 f4 20. Ne4 Bc7 21. Bd2 Bf5 22.
Bf3 g4 23. Bd1 Qg6 24. Nc5 Bd6 25. gxf4 Bxf4 26. Bxf4 Nxf4 27. Re3 Rf6 28. Bb3+
Kh8 29. Rd1 Raf8 30. Rd2 Nh3+ 31. Kh1 Bc8 32. Nd3 c5 33. Ne5 Qh6 34. Ree2 c4 35.
Bc2 Bb7+ 36. d5 Qh4 37. f3 gxf3 38. Re4 Qh6 39. Rdd4 f2 40. Ng4 Qg7 41. Re3
Bxd5+ 42. Rxd5 Qxg4 43. Rg3 Qe6 44. Rh5 Qc6+ 45. Rg2 Qxg2+ 46. Kxg2 Nf4+ 47. Kf3
Nxh5+ 48. Kg4 Rg8+ 49. Kxh5 Rg1 0-1

[Event "8th Asrian Memorial 2015"]
[Site "Yerevan ARM"]
[Date "2015.06.20"]
[Round "5.9"]
[White "Mikaelyan, Arman"]
[Black "Minasian, Artashes"]
[Result "1-0"]
[WhiteTitle "IM"]
[BlackTitle "GM"]
[WhiteElo "2437"]
[BlackElo "2488"]
[WhiteFideId "13304852"]
[BlackFideId "13300040"]
[EventDate "2015.06.16"]

1. e4 g6 2. d4 Bg7 3. Nc3 a6 4. a4 d6 5. Nge2 Nf6 6. g3 O-O 7. Bg2 e5 8. h3 Nc6
9. Be3 exd4 10. Nxd4 Ne5 11. O-O Rb8 12. Qe2 c5 13. Nf3 Nxf3+ 14. Qxf3 Re8 15.
Rad1 Qb6 16. Bf4 Re6 17. a5 Qc7 18. Nd5 Nxd5 19. Rxd5 Bd7 20. Rfd1 Qxa5 21. Bxd6
Rc8 22. Bxc5 Bc6 23. b4 Qc7 24. c4 Rce8 25. Qd3 b6 26. Bd6 Qd7 27. Bf4 Bxd5 28.
cxd5 R6e7 29. Qxa6 Qa7 30. Qb5 Ra8 31. d6 Re6 32. e5 Rf8 33. d7 Qc7 34. Bd5 Rxe5
35. Rc1 Qd6 36. Bxe5 Bxe5 37. Rc8 Bf6 38. Re8 Bd8 39. Qc6 Qxc6 40. Bxc6 f5 41.
Kf1 h5 42. Ke2 h4 43. gxh4 Bxh4 44. f3 Kg7 45. Kd3 1-0

[Event "8th Asrian Memorial 2015"]
[Site "Yerevan ARM"]
[Date "2015.06.20"]
[Round "5.10"]
[White "Baghdasaryan, Vahe"]
[Black "Babujian, Levon"]
[Result "1-0"]
[WhiteTitle "IM"]
[BlackTitle "GM"]
[WhiteElo "2402"]
[BlackElo "2459"]
[WhiteFideId "13303139"]
[BlackFideId "13301993"]
[EventDate "2015.06.16"]

1. c4 f5 2. Nf3 Nf6 3. g3 g6 4. Bg2 Bg7 5. d4 O-O 6. O-O d6 7. b3 c6 8. Bb2 Qe8
9. Nbd2 Nbd7 10. Qc2 Kh8 11. e4 fxe4 12. Nxe4 Nxe4 13. Qxe4 Nf6 14. Qe3 d5 15.
Rae1 Ne4 16. cxd5 cxd5 17. Ng5 Nxg5 18. Qxg5 e6 19. Rc1 Bd7 20. Rc7 Rb8 21. Ba3
Rf7 22. Bc5 Bb5 23. Rxf7 Qxf7 24. Re1 b6 25. Bd6 Rc8 26. Be5 Kg8 27. a4 Bd3 28.
Bxg7 Kxg7 29. Qe3 Bf5 30. h3 h5 31. f3 Bc2 32. Rc1 Rc6 33. f4 Qc7 34. Qe5+ Kf7
35. Qxc7+ Rxc7 36. Bf3 Rc3 37. Kf2 h4 38. gxh4 Kf6 39. Bd1 Rxb3 40. Bxc2 Rc3 41.
Ke2 a6 42. Kd2 Rxh3 43. Bd3 Rxh4 44. Rc6 Rxf4 45. Ke3 Rh4 46. Rxb6 a5 47. Ra6
Rh3+ 48. Kd2 g5 49. Rxa5 g4 50. Ra8 Kf7 51. Rc8 g3 52. Rc1 Rh4 53. Kc3 e5 54. a5
Rxd4 55. a6 Rh4 56. Bb5 d4+ 57. Kb3 Rh8 58. Bc6 Rb8+ 59. Kc2 Rc8 60. Kd2 g2 1-0

[Event "8th Asrian Memorial 2015"]
[Site "Yerevan ARM"]
[Date "2015.06.20"]
[Round "5.11"]
[White "Andriasian, Zaven"]
[Black "Martirosyan, Haik M."]
[Result "1-0"]
[WhiteTitle "GM"]
[BlackTitle "FM"]
[WhiteElo "2600"]
[BlackElo "2344"]
[WhiteFideId "13302000"]
[BlackFideId "13306553"]
[EventDate "2015.06.16"]

1. e4 c5 2. Nf3 Nc6 3. Bb5 e6 4. O-O Nge7 5. c3 a6 6. Ba4 b5 7. Bc2 d5 8. e5 d4
9. Qe2 Nd5 10. Be4 Bb7 11. d3 dxc3 12. Nxc3 Nxc3 13. bxc3 Be7 14. Bf4 Rb8 15.
Rad1 O-O 16. Qe3 Na5 17. Ng5 Bxe4 18. Nxe4 Rc8 19. d4 c4 20. Qg3 Kh8 21. d5 exd5
22. Nd6 Bxd6 23. exd6 Qd7 24. Rxd5 Nc6 25. a3 Rce8 26. h3 Re6 27. Qf3 Nd8 28.
Bg3 Rfe8 29. Rc5 Rf6 30. Qg4 Rxd6 31. Bxd6 Qxd6 32. Rc8 Qe7 33. Qd4 h6 34. Qb6
Ne6 35. Qxa6 Nf4 36. Qa8 Ne2+ 37. Kh1 Rxc8 38. Qxc8+ Kh7 39. Qf5+ g6 40. Qxb5
Qe4 41. Qd7 Kg8 42. Qd2 Nf4 43. f3 Qf5 44. Re1 Ne6 45. Re4 h5 46. Rxc4 Qb1+ 47.
Kh2 Qb8+ 48. g3 1-0

[Event "8th Asrian Memorial 2015"]
[Site "Yerevan ARM"]
[Date "2015.06.20"]
[Round "5.12"]
[White "Harutyunian, Tigran K."]
[Black "Hovhannisyan, Karen"]
[Result "1-0"]
[WhiteTitle "IM"]
[WhiteElo "2472"]
[BlackElo "2304"]
[WhiteFideId "13303635"]
[BlackFideId "13306618"]
[EventDate "2015.06.16"]

1. Nf3 c5 2. c4 Nc6 3. Nc3 g6 4. g3 Bg7 5. Bg2 e6 6. d4 Nxd4 7. Bf4 d6 8. Nxd4
cxd4 9. Qa4+ Bd7 10. Nb5 Qb6 11. Bxd6 a6 12. Qa3 Rc8 13. Nc7+ Rxc7 14. c5 Qb5
15. Bxc7 Bc6 16. Bf3 e5 17. Qa5 e4 18. Qxb5 axb5 19. Bg2 Ne7 20. O-O Kd7 21. Bf4
f5 22. Rfd1 Ke6 23. a3 Ra8 24. Rac1 Ra4 25. Bd2 Bd5 26. h3 Nc6 27. g4 Bb3 28.
Rf1 Ne5 29. Bf4 Nc4 30. gxf5+ gxf5 31. Kh2 Bf8 32. Rg1 Bxc5 33. Bf1 b6 34. Rg3
e3 35. fxe3 dxe3 36. Bg2 Bd4 37. Bc6 Bxb2 38. Rb1 Bc2 39. Rxb2 Nxb2 40. Rxe3+
Be4 41. Bxb5 Rd4 42. Rb3 Nc4 43. Ba6 Bd5 44. Kg3 Kd7 45. e3 Rd1 46. Bxc4 Bxc4
47. Rxb6 Ra1 48. Rb7+ Ke6 49. Ra7 Bb5 50. Kh4 Bf1 51. Rxh7 Rxa3 52. Kg5 Bd3 53.
Rh6+ Kf7 54. Rf6+ Kg8 55. Rd6 Bf1 56. h4 Ra6 57. Rd8+ Kf7 58. h5 Ra2 59. h6 Rg2+
60. Kxf5 Rg8 61. Rd7+ 1-0

[Event "8th Asrian Memorial 2015"]
[Site "Yerevan ARM"]
[Date "2015.06.20"]
[Round "5.13"]
[White "Chibukhchian, Artur"]
[Black "Hakobyan, Aram"]
[Result "0-1"]
[WhiteTitle "GM"]
[BlackTitle "FM"]
[WhiteElo "2423"]
[BlackElo "2283"]
[WhiteFideId "13300717"]
[BlackFideId "13306677"]
[EventDate "2015.06.16"]

1. d4 Nf6 2. c4 e6 3. Nf3 b6 4. a3 Bb7 5. Nc3 d5 6. Bg5 Be7 7. Qa4+ Qd7 8. Qb3
Nc6 9. cxd5 Nxd5 10. Bxe7 Qxe7 11. Nxd5 exd5 12. e3 Nd8 13. Rc1 O-O 14. Bd3 Ne6
15. Qc2 g6 16. b4 a5 17. Rb1 axb4 18. axb4 c5 19. bxc5 bxc5 20. O-O c4 21. Be2
Kg7 22. Rb6 Bc8 23. Ne5 Ng5 24. f4 Bf5 25. Qb2 Ne4 26. g4 Bc8 27. Bf3 c3 28. Qc2
Nd2 29. Bxd5 Ra3 30. f5 f6 31. Nc4 Nxf1 32. Kxf1 Ba6 0-1

[Event "8th Asrian Memorial 2015"]
[Site "Yerevan ARM"]
[Date "2015.06.20"]
[Round "5.14"]
[White "Vuilleumier, Alexandre"]
[Black "Gevorgyan, Maria"]
[Result "1-0"]
[WhiteTitle "IM"]
[BlackTitle "WFM"]
[WhiteElo "2354"]
[BlackElo "2235"]
[WhiteFideId "1305662"]
[BlackFideId "13300270"]
[EventDate "2015.06.16"]

1. c4 c5 2. Nf3 Nc6 3. Nc3 g6 4. g3 Bg7 5. Bg2 d6 6. O-O e5 7. d3 Nge7 8. Ne1
Be6 9. Nd5 O-O 10. Nc2 Rb8 11. Rb1 b5 12. b3 f5 13. e3 g5 14. f4 gxf4 15. exf4
h6 16. Be3 Bxd5 17. cxd5 Nd4 18. b4 Rc8 19. bxc5 Rxc5 20. Nb4 Qd7 21. Bxd4 exd4
22. Re1 Rf7 23. Qe2 a5 24. Nc6 Nxc6 25. dxc6 Qa7 26. Qe6 Kh7 27. Qxd6 Rf8 1-0

[Event "8th Asrian Memorial 2015"]
[Site "Yerevan ARM"]
[Date "2015.06.20"]
[Round "5.15"]
[White "Torosyan, Norayr"]
[Black "Tiraturyan, David"]
[Result "1/2-1/2"]
[WhiteElo "2336"]
[BlackElo "2232"]
[WhiteFideId "13300431"]
[BlackFideId "13304402"]
[EventDate "2015.06.16"]

1. e4 c5 2. Nc3 Nc6 3. Bb5 g6 4. Bxc6 bxc6 5. d4 Bg7 6. dxc5 Qa5 7. Ne2 Nf6 8.
Qd4 O-O 9. e5 Nd5 10. Bd2 Qc7 11. Nxd5 cxd5 12. Bf4 Ba6 13. Nc3 e6 14. Bg3 Rfc8
15. Qa4 Qb7 16. Qb3 d4 17. Qxb7 Bxb7 18. Ne2 Rxc5 19. Nxd4 Bxg2 20. Rg1 Be4 21.
c3 Bxe5 22. Nb3 Rd5 23. f4 Bf6 24. Nd2 Bf5 25. O-O-O Rb8 26. Nb3 Bd3 27. Bf2 Bc4
28. Nc5 Rd8 29. Nb7 Rb8 30. Nc5 Rd8 31. Nb7 Ra8 32. Nc5 Rxd1+ 33. Rxd1 d5 34.
Bd4 Kg7 35. Kd2 h6 36. a4 a5 37. b3 Ba6 38. h4 Bxd4 39. cxd4 Kf6 40. Nd7+ Ke7
41. Nc5 Ra7 42. Re1 Kf6 43. Ke3 Bc8 44. Kf3 Ra8 45. Re5 Rb8 46. Re1 Rb4 47. Ke3
Kf5 48. Rc1 Bb7 49. Rg1 Bc6 50. Rc1 Bb7 51. Rg1 1/2-1/2